000
00221 a2200097 4500
001
55956
100
_a
245
_a
Neuro Fuzzy Control system
260
_a
New Delhi
_b
Newerea pub
_c
1997
090
_c
34646
_d
34646
942
_a
NUST-CAE
_c
MONOGRAPH
_c
27387
999
_c
291029
_d
291029